000 00922nam a22002537a 4500
003 OSt
005 20230224101857.0
008 220916b |||||||| |||| 00| 0 eng d
020 _a959 240 040 1
040 _cBiblioteca Lado V
082 _a741.64
_bC331t
100 _9751
_aCarvajal Marrero, Otilio
_eautor
245 _aThanks Giving Day/
260 _aCuba
_bEdiciones Vigía
_bColección Trébol
300 _a9p.
_c14x19cm
_bLIBRO INTERVENIDO ARTISTICAMENTE DESDE LA PORTADA
650 _2Tesauro de Arte & Arquitectura
_aLIBRO-ARTE
650 _2Tesauro de Arte & Arquitectura
_aPoesia
650 _2Tesauro de Arte & Arquitectura
_aILUSTRADO
650 _2Tesauro de Arte & Arquitectura
_aLITERATURA
651 _2Tesauro de Arte & Arquitectura
_aCUBA
700 _aPonce Valdés, Agustina
_eeditor
700 _aRamos Vargas, Enrique
_edibujante
942 _2ddc
_c1
_h741.64
_iC331t
_n0
999 _c3067
_d3067